The War and Unity : (Record no. 248160)
[ view plain ]
| 000 -LEADER | |
|---|---|
| fixed length control field | 01327cam a22002773a 4500 |
| 001 - CONTROL NUMBER | |
| control field | 18905 |
| 003 - CONTROL NUMBER IDENTIFIER | |
| control field | PGUSA |
| 005 - DATE AND TIME OF LATEST TRANSACTION | |
| control field | 20140828083412.0 |
| 008 - FIXED-LENGTH DATA ELEMENTS--GENERAL INFORMATION | |
| fixed length control field | 060725s2006||||xxu|||||s|||||000 | eng d |
| 040 ## - CATALOGING SOURCE | |
| Original cataloging agency | PGUSA |
| Language of cataloging | eng |
| 042 ## - AUTHENTICATION CODE | |
| Authentication code | dc |
| 050 #4 - LIBRARY OF CONGRESS CALL NUMBER | |
| Classification number | D501 |
| 245 14 - TITLE STATEMENT | |
| Title | The War and Unity : |
| Remainder of title | Being Lectures Delivered At The Local Lectures Summer Meeting Of The University Of Cambridge, 1918 |
| Medium | [electronic resource] |
| 260 ## - PUBLICATION, DISTRIBUTION, ETC. (IMPRINT) | |
| Name of publisher, distributor, etc | Project Gutenberg, |
| Date of publication, distribution, etc | 2006 |
| 505 0# - FORMATTED CONTENTS NOTE | |
| Formatted contents note | Unity between Christian denominations: A general view, by the Rev. V. H. Stanton. The church in the furnace, by the Rev. E. Milner-White. The problem of the English Free churches, by the Rev. W. B. Selbie. The Scottish problem, by the Very Rev. J. Cooper -- Unity between classes: I. By the Right Rev. F. T. Woods. II. By the Right Hon. J. R. Clynes -- Unity in the empire, by F. J. Chamberlain -- Unity between nations, by the Rev. J. H. B. Masterman. |
| 506 ## - RESTRICTIONS ON ACCESS NOTE | |
| Terms governing access | Public domain in the USA. |
| 516 ## - TYPE OF COMPUTER FILE OR DATA NOTE | |
| Type of computer file or data note | Electronic text |
| 653 ## - INDEX TERM--UNCONTROLLED | |
| Uncontrolled term | World War, 1914-1918 -- Religious aspects |
| 653 ## - INDEX TERM--UNCONTROLLED | |
| Uncontrolled term | Social change |
| 653 ## - INDEX TERM--UNCONTROLLED | |
| Uncontrolled term | Christian sociology |
| 653 ## - INDEX TERM--UNCONTROLLED | |
| Uncontrolled term | Christian union |
| 700 1# - ADDED ENTRY--PERSONAL NAME | |
| Personal name | Cranage, D. H. S. |
| Fuller form of name | (David Herbert Somerset), |
| Dates associated with a name | 1866-1957 |
| 830 #0 - SERIES ADDED ENTRY--UNIFORM TITLE | |
| Uniform title | Project Gutenberg |
| Volume number/sequential designation | 18905 |
| 856 40 - ELECTRONIC LOCATION AND ACCESS | |
| Uniform Resource Identifier | <a href="http://www.gutenberg.org/ebooks/18905">http://www.gutenberg.org/ebooks/18905</a> |
| 942 ## - ADDED ENTRY ELEMENTS (KOHA) | |
| Koha item type | eBooks |
| Withdrawn status | Lost status | Damaged status | Home library | Current library | Date acquired | Total Checkouts | Date last seen | Price effective from | Koha item type |
|---|---|---|---|---|---|---|---|---|---|
| Project Gutenberg | Project Gutenberg | 08/28/2014 | 08/28/2014 | 08/28/2014 | eBooks |